000 01487cam a2200169 4500500
005 20260412000456.0
041 _afre
042 _adc
100 1 0 _aSotis, Carlo
_eauthor
245 0 0 _aChronique de droit pénal italien
260 _c2014.
500 _a57
520 _aSéculaire et mutante, la justice pénale repose sur des fondements et poursuit des fins qui ne cessent d'être interrogés, modifiés et parfois rétablis. Les réformes pénales envisagées par l'actuel garde des Sceaux en attestent. Ces mutations permanentes ont totalement obscurci la rationalité qui anime la justice pénale. Cet article propose d'en éclairer certains rouages et de mettre en lumière le tournant que cette rationalité semble aujourd'hui amorcer.
520 _aSecular and mutant, the criminal justice bases on foundations and pursues purposes which do not stop being questioned, modified and anytimes restored. The penal reforms envisaged by the current minister of Justice gi ve evidence of it. These permanent transformations totally darkened the rationality which leads the criminal justice. This article suggests enlightening certain cogs and bringing to light the turning point this rationality seems today to prime.
786 0 _nRevue de science criminelle et de droit pénal comparé | 3 | 3 | 2014-07-01 | p. 679-688 | 0035-1733
856 4 1 _uhttps://droit.cairn.info/revue-de-science-criminelle-et-de-droit-penal-compare-2014-3-page-679?lang=fr&redirect-ssocas=7080
999 _c2210049
_d2210049